000 00488nam a22001457a 4500
005 20180803125110.0
020 _a8176488682
_c00
035 _aB-216460 ,B-216457, B-216465
037 _aDPL
_bENG
100 _aKhan, Sarfaraz Ahmed
245 _aLok adalat :
_bAn effective alternative dispute resolution mechanism /
_cby Sarfaraz Ahmed Khan
260 _aNew Delhi
_bAPH Publishing Corporation
_c2006
300 _axii, 137p.
_c24 cms.
942 _2ddc
_cEN
_h347.017
_mSAR
999 _c67212
_d67212